| 000 | 01374nam a2200337 a 4500 | ||
|---|---|---|---|
| 001 | 000003489 | ||
| 005 | 20260321073638.0 | ||
| 008 | 090709s2006 dr 001 0 spa d | ||
| 040 |
_aDO-SdBNP _bspa _cBNPHU |
||
| 082 |
_a808.53 _bM433es |
||
| 100 | 1 |
_aMatos Moquete, Manuel, _d1944- _96349 |
|
| 245 | 1 | 0 |
_aEstrategias de captación de la voluntad popular en las elecciones de 2004 / _cManuel Matos Moquete ; edición Amado Alexis Santana Chalas. |
| 260 |
_aSanto Domingo : _bEditora Nacional, _c2006. |
||
| 300 |
_a308 p. : ; _c23 cm. |
||
| 490 | 1 | _aPremios Nacionales | |
| 500 | _aIncluye referencias bibliográficas y notas al pie de las páginas. | ||
| 504 | _aBibliografía: p. 297-304. | ||
| 586 | _aPremio Nacional de Ensayo Pedro Henríquez Ureña, modalidad ensayo sociopolítico, 2006. | ||
| 590 | _aInventariado, 2018/ YL | ||
| 600 | 1 | 0 |
_aFernández, Leonel, _d1953- _97291 |
| 600 | 1 | 4 |
_aESTRELLA, EDUARDO, _d1953- _910034 |
| 600 | 1 | 0 |
_aMejía, Hipólito, _d1941- _978920 |
| 600 | 1 | 0 |
_a Bosch, Juan, _d1909-2001 _976555 |
| 650 | 4 |
_aOratoría política _910035 |
|
| 650 | 4 |
_aAnálisis linguístico _910036 |
|
| 650 | 4 |
_aCampaña electoral _zRepública Dominicana _93002 |
|
| 650 | 0 |
_aDiscursos políticos _910037 |
|
| 700 | 1 |
_aSantana Chalas, Amado Alexis, _eed. _9854 |
|
| 830 | 0 |
_aPremios Nacionales _9718 |
|
| 910 | _aValidado. Control de calidad MMOLINA | ||
| 999 |
_c3317 _d3317 |
||